Pays en 4 lettres - Statistiques

Statistiques générales
  • Ce quiz a été pris 270 fois
  • Le résultat moyen est 5 sur 8
Statistiques - réponses
Réponse % Correct
Togo
70%
Irak
64%
Iran
64%
Mali
62%
Inde
59%
Cuba
56%
Laos
52%
Oman
52%
Aucun quiz correspondant
Distribution des résultats
% des personnes avec chaque résultat
Percentile par nombre de réponses
Votre historique - résultats
Vous n’avez pas pris ce quiz